000 nam a22 7a 4500
999 _c55330
_d55330
003 OSt
005 20220810111838.0
008 220810b xxu||||| |||| 00| 0 eng d
040 _cIIMT UNIVERSITY MEERUT
100 _aSMITH R W
245 _aLINUX : NETWORKING FOR YROFICE-1st
260 _bTECH MEDIA
300 _a618
942 _2ddc
_c09